Group counseling : (Record no. 5792)
[ view plain ]
| 000 -LEADER | |
|---|---|
| fixed length control field | 01603cam a2200253 a 4500 |
| 020 ## - INTERNATIONAL STANDARD BOOK NUMBER | |
| ISBN | 9780495554363 |
| 020 ## - INTERNATIONAL STANDARD BOOK NUMBER | |
| ISBN | 0495554367 |
| 022 ## - INTERNATIONAL STANDARD SERIAL NUMBER | |
| ISSN | 9780495554387 |
| 050 #4 - CALL NUMBER | |
| Classification number | BF636.7.G76 |
| Item number | J33 |
| 100 1# - AUTHOR | |
| Personal name | Jacobs, Edward E., |
| 245 10 - TITLE | |
| Title | Group counseling : |
| Remainder of title | strategies and skills / |
| Statement of responsibility, etc | Ed E. Jacobs, Robert L. Masson, Riley L. Harvill. |
| 250 ## - EDITION | |
| Edition statement | Sixth edition. |
| 260 ## - PUBLICATION INFORMATION | |
| Place of publication | Australia ; Belmont, CA : |
| Name of publisher | Thomson/Brooks/Cole, |
| Year of publication | ©2009. |
| 300 ## - DESCRIPTION | |
| Number of Pages | xiv, 464 pages : |
| Other physical details | illustrations ; |
| Dimensions | 24 cm. |
| 500 ## - NOTES | |
| General note | Includes bibliographical references and indexes |
| 505 ## - FORMATTED CONTENTS NOTE | |
| Table of Content | CHAPTER 1. Introduction --<br/>CHAPTER 2. Stages of groups, group process, and therapeutic forces --<br/>CHAPTER 3. Purpose of groups --<br/>CHAPTER 4. Planning --<br/>CHAPTER 5. Getting started : the beginning stage and beginning phase --<br/>CHAPTER 6. Basic skills for group leaders --<br/>CHAPTER 7. Focus --<br/>CHAPTER 8. Cutting off and drawing out --<br/>CHAPTER 9. Rounds and dyads --<br/>CHAPTER 10. Exercises --<br/>CHAPTER 11. Introducing, conducting, and processing exercises --<br/>CHAPTER 12. Leading the middle stage of a group --<br/>CHAPTER 13. Using counseling theories in groups --<br/>CHAPTER 14. Counseling and therapy in groups --<br/>CHAPTER 15. Closing a session or group --<br/>CHAPTER 16. Dealing with problem situations --<br/>CHAPTER 17. Working with specific populations --<br/>CHAPTER 18. Issues in group counseling.<br/>References <br/>Index |
| 650 10 - SUBJECTS | |
| Topical Term | Counseling |
| 650 20 - SUBJECTS | |
| Topical Term | Leadership. |
| 650 #0 - SUBJECTS | |
| Topical Term | Group counseling. |
| 650 #0 - SUBJECTS | |
| Topical Term | Leadership. |
| 700 1# - OTHER AUTHORS | |
| Personal name | Masson, Robert L., |
| 700 1# - OTHER AUTHORS | |
| Personal name | Harvill, Riley L., |
| 942 ## - ADDED ENTRY ELEMENTS (KOHA) | |
| Koha item type | Books |
| Withdrawn status | Lost status | Collection code | Home library | Current library | Shelving location | Date acquired | Full call number | Accession Number | Koha item type |
|---|---|---|---|---|---|---|---|---|---|
| Reference | Methodist University Library Main | Methodist University Library Main | General Stacks | 23/10/2012 | BF636.7.G76 J33 | 36573 | Books | ||
| Reference | Methodist University Library Main | Methodist University Library Main | General Stacks | 23/10/2012 | BF636.7.G76 J33 | 36574 | Books |